000 00704nam a22002057a 4500
999 _c12657
_d12657
003 AR-CdUCM
008 190409b ||||| |||| 00| 0 spa d
040 _aMUNICIPALIDAD PROVINCIAL DEL CUSCO
_cBIBLIOTECA MUNICIPAL DEL CUSCO
082 _a869.55 /
_bP19 / 1903
100 _aPalma, Ricardo
_9304
245 _aDos mil setecientas voces que faltan en el diccionario :
_bPapeletas lexicograficas /
260 _aLima :
_bLa industria,
_c1903.
300 _a319 páginas ;
_c22 cm.
505 _aContenido : Papeletas lexicograficas -- Diccionario ...
650 _aLexicograficas
_930612
650 _aDiccionario
_95196
650 _aIdioma
_93027
942 _2ddc
_cLIBROS
945 _arah
_d09/04/2019